| 000 | 00969 a2200241 4500 | ||
|---|---|---|---|
| 005 | 20180118154110.0 | ||
| 008 | 171127s2007 mx ||||| |||| 00| 0 spa d | ||
| 020 | _a9789707292529 | ||
| 040 |
_aCO-BoUCM _bspa _cSaul Niño _dSaul Niño |
||
| 041 | 1 |
_aspa _heng |
|
| 060 | _aWO 500 | ||
| 100 | 1 |
_aFarquharson, Margaret _989465 |
|
| 245 | 1 | 0 |
_aTécnicas quirúrgicas en cirugía general _cFarquharson, Margaret, Brendan Moran ; [traductor Germán Arias Rebatet] |
| 260 |
_aMéxico _bManual Moderno _c2007 |
||
| 300 |
_aviii, 611 páginas _bilustraciones |
||
| 500 | _aTraducción puesta al día según la 9a edición en inglés por Dr. Germán Arias Rebatet | ||
| 650 | 7 |
_910923 _aCirugía operatoria |
|
| 650 | 7 |
_922346 _aProcedimientos quirúrgicos |
|
| 700 | 1 |
_aMoran, Brenda _989466 |
|
| 700 | 1 |
_aArias Rebatet, Germán _etraductor _930471 |
|
| 765 | _tFarquharson's textbook of operative general surgery | ||
| 942 |
_cLIBRO _2NLM _a15 _e1 _hWO 500 _mF238t _n0 |
||
| 999 |
_c308746 _d308746 |
||